"The Company" members from Lord of the Rings - Statistics

General Stats
  • This quiz has been taken 56 times
  • The average score is 9 of 9
Answer Stats
Answer % Correct
Boromir
100%
Frodo Baggins
100%
Gandalf the Grey
100%
Legolas
100%
Samwise Gamgee
100%
Meriadoc "Merry" Brandybuck
98%
Peregrin "Pippin" Took
98%
Aragorn
96%
Gimli
96%
No matching quizzes found
Score Distribution
Percent of People with Each Score
Percentile by Number Answered
Your Score History
You have not taken this quiz